Účtovná závierka

Gespeichert in:
Bibliographische Detailangaben
1. Verfasser: Šlosárová, Anna
Format: Buch
Sprache:Slowakisch
Veröffentlicht: Bratislava Slovenský zväz účtovníkov a audítorov 1993
Ausgabe:1. vyd.
Schlagworte:
Tags: Tag hinzufügen
Keine Tags, Fügen Sie das erste Tag hinzu!

MARC

LEADER 00000nam a2200000 4500
001 c002964
005 20230228111036.5
041 0 |a slo 
044 |a SK 
245 1 0 |a Účtovná závierka  |c Anna Šlosárová 
250 |a 1. vyd. 
264 1 |a Bratislava  |b Slovenský zväz účtovníkov a audítorov  |c 1993 
300 |a 101 s. 
610 2 0 |a závierka účtovná 
610 2 0 |a osnova účtová 
610 2 0 |a účty 
610 2 0 |a metodika 
610 2 0 |a výkazy účtovné 
610 2 0 |a súvaha 
100 1 |a Šlosárová, Anna